[Event "AEROSVIT-2008"]
[Site "Foros"]
[Date "2008.06.19"]
[Round "11"]
[White "Jakovenko, Dmitry"]
[Black "Nisipeanu, Liviu-Dieter"]
[Result "1/2-1/2"]
[WhiteElo "2711"]
[BlackElo "2684"]
[PlyCount "36"]
[EventDate "2008.06.08"]
[Source "www.chesslib.no"]
[SourceDate "2004.05.04"]

1. d4 Nf6 2. Nf3 e6 3. c4 Bb4+ 4. Nbd2 d5 5. Qa4+ Nc6 6. a3 Be7 7. e3 a5 8. b4 O-O 9. c5 Nb8 10. Bd3 c6 11. Bb2 b6 12. Ne5 Nfd7 13. Nxd7 Nxd7 14. O-O Qc7 15. Qc2 g6 16. e4 Ba6 17. e5 Bxd3 18. Qxd3 Qb7 1/2-1/2

[Event "Malmo"]
[Site "?"]
[Date "1994.??.??"]
[Round "?"]
[White "Epishin, V."]
[Black "Andersson, U."]
[Result "1-0"]
[WhiteElo "2675"]
[BlackElo "2620"]
[PlyCount "105"]
[EventDate "1994.??.??"]
[Source "ChessBase"]
[SourceDate "1994.06.01"]

1. d4 Nf6 2. c4 e6 3. Nf3 Bb4+ 4. Nbd2 b6 5. a3 Bxd2+ 6. Bxd2 Bb7 7. Bg5 d6 8. e3 Nbd7 9. Qc2 c5 10. Rd1 Qc7 11. Be2 O-O 12. O-O Rac8 13. Bh4 Be4 14. Qd2 Rfe8 15. Bg3 e5 16. dxe5 dxe5 17. Nh4 h6 18. f3 Bh7 19. Bd3 Bxd3 20. Qxd3 Nf8 21. Qd6 Qxd6 22. Rxd6 e4 23. Nf5 exf3 24. gxf3 Kh7 25. Rxf6 gxf6 26. Nd6 Rcd8 27. Nxe8 Rxe8 28. Kf2 Ra8 29. Ke2 Kg6 30. b4 Rc8 31. b5 Rd8 32. a4 Kf5 33. a5 Rd7 34. Ra1 Ng6 35. axb6 axb6 36. Ra6 Rb7 37. Ra8 Ne5 38. e4+ Ke6 39. Bxe5 Kxe5 40. Ke3 f5 41. Re8+ Kf6 42. e5+ Kg7 43. Kf4 Rd7 44. Kxf5 Rd4 45. Rb8 Rxc4 46. Rxb6 Rh4 47. f4 Rh5+ 48. Kg4 Rxh2 49. Rb7 c4 50. f5 Kg8 51. Rb8+ Kh7 52. Rc8 c3 53. b6 1-0

[Event "NED-ch op 5'"]
[Site "?"]
[Date "2002.02.15"]
[Round "?"]
[White "Timman Jan Hein"]
[Black "Sokolov Ivan"]
[Result "0-1"]
[WhiteElo "2605"]
[BlackElo "2655"]
[PlyCount "105"]
[EventDate "2002.??.??"]
[Source "www.chesslib.no"]
[SourceDate "2004.05.04"]

1. d4 Nf6 2. c4 e6 3. Nf3 Bb4+ 4. Nbd2 c5 5. a3 Bxd2+ 6. Qxd2 cxd4 7. Qxd4 Nc6 8. Qc3 O-O 9. Bg5 h6 10. Bh4 g5 11. Bg3 Ne4 12. Qc1 d5 13. e3 Bd7 14. Bd3 Rc8 15. O-O Na5 16. Bxe4 dxe4 17. Nd2 Nxc4 18. Nxc4 b5 19. Rd1 bxc4 20. Qc3 f6 21. Bd6 Rf7 22. Rd4 Bc6 23. Rad1 Bd5 24. Bb4 Qe8 25. Qd2 Rb7 26. Bc3 Qf7 27. Qe2 Rd7 28. Qg4 Rcd8 29. Ba5 Rb8 30. Bc3 Rbd8 31. h4 Kh7 32. Ba5 Rg8 33. hxg5 hxg5 34. Qg3 Kg6 35. f3 e5 36. R4d2 exf3 37. e4 Be6 38. Rxd7 Bxd7 39. Qxf3 Be6 40. Rd6 Rh8 41. Bc3 Rh4 42. Be1 Rf4 43. Qe3 Bg4 44. Bg3 Qe7 45. Rd2 Be6 46. Bxf4 gxf4 47. Qf3 Qc5+ 48. Kh2 Kg5 49. Rd8 Qe3 50. Rh8 Qxf3 51. gxf3 Kg6 52. Ra8 f5 53. exf5+ 0-1

[Event "Tilburg"]
[Site "?"]
[Date "1987.??.??"]
[Round "?"]
[White "Yusupov, A."]
[Black "Nikolic, Pr"]
[Result "1/2-1/2"]
[WhiteElo "2635"]
[BlackElo "2620"]
[PlyCount "34"]
[EventDate "1987.??.??"]
[Source "ChessBase"]
[SourceDate "1987.07.01"]

1. d4 Nf6 2. c4 e6 3. Nf3 Bb4+ 4. Nbd2 O-O 5. a3 Be7 6. e3 c5 7. Bd3 d5 8. dxc5 a5 9. Rb1 Na6 10. b4 axb4 11. axb4 b6 12. cxb6 Nxb4 13. Be2 Qxb6 14. O-O Bd7 15. Qb3 Rfb8 16. Bb2 Ba4 17. Qc3 Qc7 1/2-1/2

[Event "Philadelphia"]
[Site "?"]
[Date "1994.??.??"]
[Round "?"]
[White "Lputian, S."]
[Black "Yudasin, L."]
[Result "1/2-1/2"]
[WhiteElo "2590"]
[BlackElo "2625"]
[PlyCount "49"]
[EventDate "1994.??.??"]
[Source "ChessBase"]
[SourceDate "1994.06.01"]

1. d4 Nf6 2. c4 e6 3. Nf3 Bb4+ 4. Nbd2 d5 5. a3 Be7 6. g3 O-O 7. Bg2 b6 8. O-O Bb7 9. b4 c5 10. bxc5 bxc5 11. Rb1 Qc8 12. dxc5 Nbd7 13. Bb2 Nxc5 14. Qc2 Nce4 15. Nxe4 Nxe4 16. Rfc1 dxc4 17. Ne5 Nd6 18. Bxb7 Qxb7 19. Nxc4 Nxc4 20. Qxc4 Rac8 21. Qd3 Rfd8 22. Rxc8 Qxc8 23. Qb3 Qa6 24. e3 Qd6 25. Bd4 1/2-1/2

[Event "Vienna AUT"]
[Site "Vienna AUT"]
[Date "1991.??.??"]
[Round "?"]
[White "Epishin, Vladimir V"]
[Black "Christiansen, Larry M"]
[Result "1/2-1/2"]
[WhiteElo "2620"]
[BlackElo "2590"]
[PlyCount "77"]
[EventDate "1991.??.??"]
[Source "www.chesslib.no"]
[SourceDate "2004.05.04"]

1. d4 Nf6 2. c4 e6 3. Nf3 Bb4+ 4. Nbd2 c5 5. a3 Bxd2+ 6. Qxd2 b6 7. b4 Bb7 8. Bb2 O-O 9. e3 Qe7 10. Bd3 Na6 11. dxc5 bxc5 12. b5 Nc7 13. O-O d5 14. Ne5 Rfd8 15. Qc2 Nce8 16. Rfd1 Rac8 17. a4 Nd6 18. f3 h6 19. Qf2 Nd7 20. Nxd7 Rxd7 21. Rac1 dxc4 22. Bb1 f5 23. Qg3 Rcd8 24. Qe5 Ne8 25. Rxd7 Rxd7 26. h3 Rd5 27. Qf4 Nd6 28. Be5 Rd2 29. Bc3 e5 30. Qxh6 Rd3 31. Qh5 Nxb5 32. Kf2 Na3 33. Rd1 Ba6 34. Rxd3 Qd7 35. Bb4 Bc8 36. Be1 g6 37. Kg1 Nb5 38. Bc3 Nd6 39. Ba5 1/2-1/2